000 00932cam a22002291 4500
001 e 33000073
003 DLC
005 20260227111223.0
008 820128s1932 nyu s000 0 eng c
010 _ae 33000073
035 _a(OCoLC)8101320
040 _aLibrary, U.S. Office of Education
_cVi
_dVi
_dOCoLC
_dDLC
042 _apremarc
050 0 0 _aZ5814.O8
_bN6
110 2 _aUniversity of the State of New York.
_bEducational research division.
245 1 0 _aBibliography of objective tests in the vocational subject,
_cprepared by Educational Research Division. New York State Education Department.
260 _aAlbany,
_bUniversity of the State of New York Press,
_c1932.
300 _a24 p.
_c23 cm.
500 _aAt head of title: The University of the State of New York. The State Education Department.
650 0 _aEducational tests and measurements
_vBibliography.
650 0 _aVocational education
_vBibliography.
999 _c21293
_d21293